<?xml version="1.0" encoding="UTF-8"?>
<record
    xmlns:xsi="http://www.w3.org/2001/XMLSchema-instance"
    xsi:schemaLocation="http://www.loc.gov/MARC21/slim http://www.loc.gov/standards/marcxml/schema/MARC21slim.xsd"
    xmlns="http://www.loc.gov/MARC21/slim">

  <leader>00937nam a2200253 u 4500</leader>
  <controlfield tag="001">53834</controlfield>
  <controlfield tag="005">20260504071830.0</controlfield>
  <controlfield tag="008">960313s1980                        spa  </controlfield>
  <datafield tag="035" ind1=" " ind2=" ">
    <subfield code="a">53834</subfield>
  </datafield>
  <datafield tag="035" ind1=" " ind2=" ">
    <subfield code="a">(OCoLC)778156556</subfield>
  </datafield>
  <datafield tag="040" ind1=" " ind2=" ">
    <subfield code="c">comduadb</subfield>
  </datafield>
  <datafield tag="041" ind1=" " ind2=" ">
    <subfield code="a">spa</subfield>
  </datafield>
  <datafield tag="082" ind1=" " ind2="4">
    <subfield code="a">370</subfield>
  </datafield>
  <datafield tag="110" ind1="2" ind2="0">
    <subfield code="a">Instituto Ser de Investigacion</subfield>
    <subfield code="4">aut</subfield>
    <subfield code="e">aut</subfield>
    <subfield code="9">828566</subfield>
  </datafield>
  <datafield tag="245" ind1="1" ind2="0">
    <subfield code="a">Educacion-cultura : revision del estado del arte de la investigacion cientifica nacional en relacion con el tema : informe final</subfield>
  </datafield>
  <datafield tag="260" ind1=" " ind2=" ">
    <subfield code="a">Bogot&#xE1; :</subfield>
    <subfield code="b">[sin publicador],</subfield>
    <subfield code="c">1980.</subfield>
  </datafield>
  <datafield tag="300" ind1=" " ind2=" ">
    <subfield code="a">87 hojas</subfield>
  </datafield>
  <datafield tag="650" ind1=" " ind2="7">
    <subfield code="a">Antropolog&#xED;a de la educaci&#xF3;n</subfield>
    <subfield code="2">lemb</subfield>
    <subfield code="9">10118</subfield>
  </datafield>
  <datafield tag="650" ind1=" " ind2=" ">
    <subfield code="a">Investigaci&#xF3;n educativa</subfield>
    <subfield code="9">4655</subfield>
  </datafield>
  <datafield tag="650" ind1=" " ind2="7">
    <subfield code="a">Antropolog&#xED;a de la educaci&#xF3;n</subfield>
    <subfield code="2">lemb</subfield>
    <subfield code="9">10118</subfield>
  </datafield>
  <datafield tag="700" ind1="1" ind2="0">
    <subfield code="a">Alvarado Acevedo, Alberto</subfield>
    <subfield code="4">aut</subfield>
    <subfield code="0">(isni)0000 0000 5555 4925</subfield>
    <subfield code="0">(viaf)13683075</subfield>
    <subfield code="e">aut</subfield>
    <subfield code="9">258973</subfield>
  </datafield>
  <datafield tag="711" ind1="2" ind2="0">
    <subfield code="a">Seminario de Investigacion Educativa (1980 : Bogota),</subfield>
    <subfield code="4">aut</subfield>
    <subfield code="e">aut</subfield>
  </datafield>
  <datafield tag="942" ind1=" " ind2=" ">
    <subfield code="c">BOOK</subfield>
  </datafield>
  <datafield tag="999" ind1=" " ind2=" ">
    <subfield code="c">28670</subfield>
    <subfield code="d">28670</subfield>
  </datafield>
  <datafield tag="952" ind1=" " ind2=" ">
    <subfield code="0">0</subfield>
    <subfield code="1">0</subfield>
    <subfield code="4">0</subfield>
    <subfield code="7">0</subfield>
    <subfield code="8">SEMIACTIVA</subfield>
    <subfield code="a">BC</subfield>
    <subfield code="b">BC</subfield>
    <subfield code="d">1998-04-28</subfield>
    <subfield code="i">C88587</subfield>
    <subfield code="l">0</subfield>
    <subfield code="o">370.1934 A472e</subfield>
    <subfield code="p">61000001446786</subfield>
    <subfield code="r">2023-04-20 00:00:00</subfield>
    <subfield code="t">1</subfield>
    <subfield code="w">2023-04-20</subfield>
    <subfield code="y">BOOK</subfield>
  </datafield>
</record>
